00349pab a2200121 454500008004000000100001900040245005100059260000900110300001400119650003100133650002200164773004100186180718b2002 xxu||||| |||| 00| 0 eng d aMbodj, El Hadj aProspects for partnership among African cities c2002 ap.233-38. aUrban development - Africa aUrban development aInternational Social Science Journal